| 000 -LEADER |
| fixed length control field |
00304nam a22001097a 4500 |
| 040 ## - CATALOGING SOURCE |
| Transcribing agency |
SY |
| 082 ## - DEWEY DECIMAL CLASSIFICATION NUMBER |
| Classification number |
338 |
| 100 ## - MAIN ENTRY--AUTHOR NAME |
| Personal name |
LOEUN SIMONA; លឿង ស៊ីម៉ូណា |
| 245 ## - TITLE STATEMENT |
| Title |
Tourism management, ការគ្រប់គ្រងទេសចរណ៍ |
| 260 ## - PUBLICATION, DISTRIBUTION, ETC. (IMPRINT) |
| Place of publication |
RUA |
| Name of publisher |
LOE |
| Year of publication |
1997 |
| 942 ## - ADDED ENTRY ELEMENTS (KOHA) |
| Koha item type |
សៀវភៅភាសាខ្មែរ |
| 952 ## - LOCATION AND ITEM INFORMATION (KOHA) |
| Withdrawn status [LOCAL, KOHA] |
0 |
| 952 ## - LOCATION AND ITEM INFORMATION (KOHA) |
| Withdrawn status [LOCAL, KOHA] |
0 |
| 952 ## - LOCATION AND ITEM INFORMATION (KOHA) |
| Withdrawn status [LOCAL, KOHA] |
0 |
| 952 ## - LOCATION AND ITEM INFORMATION (KOHA) |
| Withdrawn status [LOCAL, KOHA] |
0 |